<?xml version="1.0" encoding="UTF-8"?>
<record
    xmlns:xsi="http://www.w3.org/2001/XMLSchema-instance"
    xsi:schemaLocation="http://www.loc.gov/MARC21/slim http://www.loc.gov/standards/marcxml/schema/MARC21slim.xsd"
    xmlns="http://www.loc.gov/MARC21/slim">

  <leader>00688nam a22002057a 4500</leader>
  <controlfield tag="005">20180905141220.0</controlfield>
  <datafield tag="010" ind1=" " ind2=" ">
    <subfield code="a">ENG-124109</subfield>
  </datafield>
  <datafield tag="020" ind1=" " ind2=" ">
    <subfield code="a">9789383158447</subfield>
    <subfield code="c">950.00</subfield>
  </datafield>
  <datafield tag="035" ind1=" " ind2=" ">
    <subfield code="a">EN-107641</subfield>
  </datafield>
  <datafield tag="037" ind1=" " ind2=" ">
    <subfield code="b">DBAD/PUB.</subfield>
  </datafield>
  <datafield tag="082" ind1=" " ind2=" ">
    <subfield code="a">025.00285</subfield>
  </datafield>
  <datafield tag="245" ind1=" " ind2=" ">
    <subfield code="a">Changing dimension of library and information centers in internet era /</subfield>
    <subfield code="c">ed. by Sudhir Kumar Jena [and] Brundaban Nahak</subfield>
  </datafield>
  <datafield tag="260" ind1=" " ind2=" ">
    <subfield code="a">New Delhi</subfield>
    <subfield code="b">S.K. Book Agency</subfield>
    <subfield code="c">2015</subfield>
  </datafield>
  <datafield tag="270" ind1=" " ind2=" ">
    <subfield code="a">5A/12, Ansari Road, Daryaganj, </subfield>
    <subfield code="b">New Delhi</subfield>
    <subfield code="e">110002</subfield>
  </datafield>
  <datafield tag="300" ind1=" " ind2=" ">
    <subfield code="a">ix,242p.</subfield>
    <subfield code="c">22cm(Hb)</subfield>
    <subfield code="b">ill.</subfield>
  </datafield>
  <datafield tag="500" ind1=" " ind2=" ">
    <subfield code="a">It includes index</subfield>
  </datafield>
  <datafield tag="700" ind1=" " ind2=" ">
    <subfield code="a"> Jena, Sudhir Kumar</subfield>
  </datafield>
  <datafield tag="700" ind1=" " ind2=" ">
    <subfield code="a"> Nahak, Brundaban</subfield>
  </datafield>
  <datafield tag="942" ind1=" " ind2=" ">
    <subfield code="2">ddc</subfield>
    <subfield code="c">EN</subfield>
    <subfield code="m">CHA</subfield>
    <subfield code="h">025.00285</subfield>
  </datafield>
  <datafield tag="999" ind1=" " ind2=" ">
    <subfield code="c">156978</subfield>
    <subfield code="d">156978</subfield>
  </datafield>
  <datafield tag="952" ind1=" " ind2=" ">
    <subfield code="0">0</subfield>
    <subfield code="1">0</subfield>
    <subfield code="4">0</subfield>
    <subfield code="7">1</subfield>
    <subfield code="8">NFIC</subfield>
    <subfield code="a">DBAD</subfield>
    <subfield code="b">ZLS</subfield>
    <subfield code="d">2018-09-05</subfield>
    <subfield code="e">DBAD/PUB</subfield>
    <subfield code="g">950.00</subfield>
    <subfield code="l">0</subfield>
    <subfield code="o">025.00285 CHA</subfield>
    <subfield code="p">EN-107641</subfield>
    <subfield code="r">2018-09-05 00:00:00</subfield>
    <subfield code="t">1</subfield>
    <subfield code="v">950.00</subfield>
    <subfield code="y">EN</subfield>
  </datafield>
</record>
